00503nam a2200193Ia 4500008004100000041001200041082001200053100002800065245003900093260003600132300000800168365000700176520001200183546001200195630003900207650001200246655001200258730003900270101110s9999 xx 000 0 und d aMARATHI bSR25631 aBhamare Jitendra Suresh aAashiyacha itihas (1900-1976) SYBA c2004bSheth publication, Mumbai a226 b70 aHistory aMARATHI aAashiyacha itihas (1900-1976) SYBA aHistory aHistory aAashiyacha itihas (1900-1976) SYBA